Paroles : Je te donne - Jean-Jacques Goldman et Michael Jones - Statistiques

Statistiques générales
  • Ce quiz a été pris 79 fois
  • Le résultat moyen est 237 sur 327
Statistiques - réponses
Réponse % Correct
donne
100%
Je
100%
je
100%
te
100%
to
100%
a
98%
à
98%
me
98%
mes
98%
Mes
98%
I
97%
Ce
95%
ce
95%
que
93%
tout
93%
you
92%
can
90%
de
88%
et
88%
give
88%
la
88%
my
87%
My
87%
On
87%
on
87%
toutes
87%
différences
85%
les
83%
Les
83%
sont
83%
qui
82%
un
82%
chance
80%
des
80%
mots
80%
ces
78%
faut
78%
il
78%
voix
78%
défauts
77%
fois
77%
ma
77%
vaux
77%
jamais
75%
sera
75%
ton
75%
Tous
75%
autant
73%
bien
73%
comme
73%
gens
73%
notes
73%
suis
73%
ta
73%
tempo
73%
The
73%
the
73%
fragile
72%
in
72%
j'imagine
72%
propre
72%
Une
72%
Quand
70%
emporte
67%
j'ai
67%
standards
67%
voice
67%
épaule
65%
solide
65%
chances
63%
and
62%
crois
62%
espoir
62%
nos
62%
Nos
62%
fort
60%
peu
60%
doutes
55%
parle
55%
dans
52%
go
52%
soul
52%
filles
48%
of
48%
plus
48%
we
48%
force
47%
his
47%
it
47%
It
47%
ont
47%
rhythm
47%
when
47%
laissé
45%
l'on
45%
trésors
45%
brunes
43%
feel
43%
is
43%
l'amour
43%
l'histoire
43%
routes
43%
with
43%
ancestral
42%
I'm
42%
l'humour
42%
notre
42%
song
42%
stupide
42%
belles
40%
day
38%
forte
38%
inside
38%
questions
38%
let
37%
your
37%
feeling
35%
harmony
35%
heart
35%
pride
35%
sing
35%
home
33%
indicible
33%
lost
33%
Ouh
33%
Put
33%
Welsh
33%
Whatever
33%
whatever
33%
boy
32%
deep
32%
from
32%
portent
32%
that
32%
who's
32%
words
32%
make
30%
raisons
30%
ring
30%
good
28%
love
28%
dons
27%
hurt
27%
stories
27%
will
27%
climb
25%
Carry
23%
even
23%
helps
23%
told
23%
bred
22%
down
22%
plateform
22%
I've
20%
songs
18%
thoughts
17%
Aucun quiz correspondant
Distribution des résultats
% des personnes avec chaque résultat
Percentile par nombre de réponses
Votre historique - résultats
Vous n’avez pas pris ce quiz